[Event "GRE-chT 49th"]
[White "Ergazaki, Eirini"]
[Black "Aivazian, Elpida Sofia"]
[Site "Thessaloniki"]
[Round "3.8"]
[Result "1-0"]
[Date "2022.08.13"]
[WhiteElo "1654"]
[BlackElo "1565"]
[PlyCount "63"]
[EventDate "2022.08.12"]
[EventType "team-swiss"]
[EventRounds "7"]
[EventCountry "GRE"]
[SourceTitle "CBM 209 Extra"]
[Source "ChessBase"]
[SourceDate "2022.09.30"]
[SourceVersion "1"]
[SourceVersionDate "2022.09.30"]
[SourceQuality "1"]
[WhiteTeam "OFI"]
[BlackTeam "Alexanthroepoles Ethnikos"]
[WhiteTeamCountry "GRE"]
[BlackTeamCountry "GRE"]

1. e4 c5 2. Nf3 e6 3. d3 Nc6 4. g3 d6 5. Bg2 Nf6 6. 0-0 Be7 7. Nbd2 0-0 8. c3 d5 9. e5 Ng4 10. Re1 Nh6 11. Nf1 Nf5 12. h4 Rb8 13. N1h2 b5 14. a3 d4 15. Ng5 Bb7 16. Bf4 dxc3 17. bxc3 Na5 18. Ne4 Bd5 19. Qg4 Nb3 20. Rab1 Rc8 21. Nf6+ Bxf6 22. exf6 Bxg2 23. fxg7 Re8 24. Kxg2 c4 25. d4 Qf6 26. Be5 Qg6 27. h5 Qh6 28. Qh3 Qg5 29. Ng4 Qd8 30. Nf6+ Kxg7 31. Qg4+ Kf8 32. Nxh7+ 1-0

[Event "GRE-chT 49th"]
[White "Aivazian, Elpida Sofia"]
[Black "Miliou, Pinelopi"]
[Site "Thessaloniki"]
[Round "1"]
[Result "0-1"]
[Date "2022.08.12"]
[WhiteElo "1565"]
[BlackElo "1411"]
[PlyCount "77"]
[EventDate "2022.08.12"]
[EventType "team-swiss"]
[EventRounds "7"]
[EventCountry "GRE"]
[SourceTitle "EXT 2024"]
[Source "ChessBase"]
[SourceDate "2023.10.10"]
[SourceVersion "1"]
[SourceVersionDate "2023.10.10"]
[SourceQuality "1"]
[WhiteTeam "Alexanthroepoles Ethnikos"]
[BlackTeam "Xanthis"]
[WhiteTeamCountry "GRE"]
[BlackTeamCountry "GRE"]

1. e4 c5 2. Nf3 e6 3. g3 Nc6 4. Bg2 a6 5. d4 cxd4 6. Nxd4 Qc7 7. 0-0 Nf6 8. c4 Nxd4 9. Qxd4 Bc5 10. Qc3 d6 11. b4 Ba7 12. Bb2 e5 13. Nd2 0-0 14. Rac1 Re8 15. h3 Bd7 16. Kh2 Rac8 17. f4 Bd4 18. Qc2 Bxb2 19. Qxb2 b6 20. f5 Bc6 21. Qb3 Qb7 22. Qf3 Qe7 23. g4 Nd7 24. Qe3 f6 25. h4 Bb7 26. g5 Ra8 27. Rf3 a5 28. b5 Nc5 29. Rg3 Kh8 30. h5 Rac8 31. Rf1 Ba8 32. Bh1 Rc7 33. Nb1 Nd7 34. Nd2 Nc5 35. Rfg1 Rec8 36. Qe2 Rd8 37. Bf3 Rdc8 38. Qg2 Nd3 39. Qf2 0-1

[Event "GRE-chT2 48th"]
[White "Galani, Dimitra"]
[Black "Aivazian, Elpida Sofia"]
[Site "Thessaloniki"]
[Round "7.2"]
[Result "1-0"]
[Date "2021.10.10"]
[WhiteElo "1492"]
[BlackElo "1554"]
[PlyCount "53"]
[EventDate "2021.10.05"]
[EventType "team-swiss"]
[EventRounds "7"]
[EventCountry "GRE"]
[SourceTitle "CBM 204 Extra"]
[Source "ChessBase"]
[SourceDate "2021.11.30"]
[SourceVersion "1"]
[SourceVersionDate "2021.11.30"]
[SourceQuality "1"]
[WhiteTeam "Neapolis Sykeon"]
[BlackTeam "Alexandroupolis Ethnikos"]
[WhiteTeamCountry "GRE"]
[BlackTeamCountry "GRE"]

1. e4 e6 2. d4 d5 3. Nd2 Be7 4. exd5 Qxd5 5. Ngf3 c5 6. Bc4 Qd8 7. c3 Nf6 8. 0-0 a6 9. a4 0-0 10. Re1 Nc6 11. dxc5 Bxc5 12. Qe2 Qc7 13. Ne4 Nxe4 14. Qxe4 Bd6 15. Bb3 Ne7 16. h4 h5 17. Ng5 Ng6 18. Qf3 Nf4 19. Bxf4 Bxf4 20. Qxh5 Bxg5 21. Qxg5 Qd8 22. Qg3 Bd7 23. Rad1 Qe7 24. h5 Bc6 25. Rd4 Rad8 26. h6 Qf6 27. hxg7 1-0

[Event "GRE-chT2 48th"]
[White "Aivazian, Elpida Sofia"]
[Black "Tsivelekidou, Evgenia"]
[Site "Thessaloniki"]
[Round "6.1"]
[Result "0-1"]
[Date "2021.10.09"]
[WhiteElo "1554"]
[BlackElo "1972"]
[PlyCount "174"]
[EventDate "2021.10.05"]
[EventType "team-swiss"]
[EventRounds "7"]
[EventCountry "GRE"]
[SourceTitle "CBM 204 Extra"]
[Source "ChessBase"]
[SourceDate "2021.11.30"]
[SourceVersion "1"]
[SourceVersionDate "2021.11.30"]
[SourceQuality "1"]
[WhiteTeam "Alexandroupolis Ethnikos"]
[BlackTeam "Kavalas"]
[WhiteTeamCountry "GRE"]
[BlackTeamCountry "GRE"]

1. e4 c6 2. d4 d5 3. Nc3 dxe4 4. Nxe4 Bf5 5. Ng3 Bg6 6. h4 h6 7. Nf3 Nd7 8. h5 Bh7 9. Bd3 Bxd3 10. Qxd3 e6 11. Bd2 a5 12. Ne4 Ngf6 13. Bf4 Nxe4 14. Qxe4 Qb6 15. 0-0-0 Nf6 16. Qe5 Nd5 17. c4 Nxf4 18. Qxf4 Be7 19. Kb1 a4 20. Ne5 Bf6 21. Rh3 a3 22. Rb3 Qc7 23. Ng6 Qxf4 24. Nxf4 0-0-0 25. Rxa3 Bxd4 26. f3 Kc7 27. Rad3 Be3 28. Nd5+ cxd5 29. Rxe3 dxc4 30. Rc1 b5 31. b3 Rd4 32. bxc4 bxc4 33. Rec3 Rb8+ 34. Rb3 Rxb3+ 35. axb3 Kd6 36. bxc4 Kc5 37. Rc2 Rxc4 38. Ra2 Kd6 39. Ra7 Rc7 40. Ra6+ Ke5 41. Ra5+ Kf6 42. Kb2 g6 43. hxg6 fxg6 44. Ra4 h5 45. Rf4+ Ke5 46. Rf8 g5 47. Rh8 h4 48. Ra8 Kf4 49. Ra4+ Ke3 50. Rg4 Rc5 51. Kb3 Kf2 52. Kb4 Rd5 53. Kc4 h3 54. gxh3 Kxf3 55. Rg1 Kf2 56. Rg4 Ke3 57. Rg1 Kf4 58. Rg4+ Kf5 59. Rg1 Rd8 60. Rf1+ Ke4 61. Re1+ Kf5 62. Rf1+ Kg6 63. Re1 Kf6 64. Rf1+ Ke7 65. Rg1 Rd5 66. Rg4 Kf6 67. Rg1 Kf5 68. Rf1+ Kg6 69. Re1 Rd6 70. Kc5 Rd3 71. Rxe6+ Kh5 72. Kc4 Rxh3 73. Kd4 Kg4 74. Rg6 Rf3 75. Ke4 Rf8 76. Ke3 Kh4 77. Rh6+ Kg3 78. Rg6 Re8+ 79. Kd2 g4 80. Rg7 Kf3 81. Rf7+ Kg2 82. Rg7 g3 83. Kd3 Kf2 84. Rf7+ Kg1 85. Rg7 g2 86. Kd4 Rf8 87. Ke3 Kf1 0-1

[Event "GRE-ch U20 Girls"]
[White "Mihailidou, Magdalini"]
[Black "Aivazian, Elpida Sofia"]
[Site "Trikala"]
[Round "5"]
[Result "1/2-1/2"]
[Date "2019.05.04"]
[WhiteElo "1797"]
[BlackElo "1548"]
[PlyCount "84"]
[EventDate "2019.04.30"]
[EventType "swiss"]
[EventRounds "7"]
[EventCountry "GRE"]
[SourceTitle "CBM 190 Extra"]
[Source "ChessBase"]
[SourceDate "2019.07.15"]
[SourceVersion "1"]
[SourceVersionDate "2019.07.15"]
[SourceQuality "1"]

1. e4 e6 2. f4 d5 3. e5 c5 4. Nf3 Nc6 5. c3 Nh6 6. Na3 Bd7 7. Nc2 Qc7 8. Be2 f6 9. d4 Be7 10. 0-0 0-0-0 11. Kh1 Nf5 12. Ne3 g6 13. exf6 Bxf6 14. Ng4 Bg7 15. Nge5 Nxe5 16. Nxe5 Bxe5 17. fxe5 h5 18. Bg5 Rdf8 19. Qd2 Bc6 20. b4 c4 21. a4 Be8 22. b5 Qh7 23. Qb2 h4 24. Bg4 Qc7 25. a5 Qd7 26. Rab1 Rfg8 27. Qb4 Rh7 28. Rf4 Kb8 29. b6 a6 30. Bxf5 gxf5 31. Bxh4 Rgh8 32. Bg3 Qe7 33. Qxe7 Rxe7 34. Kg1 Rg7 35. Kf2 Rhg8 36. Rh4 Kc8 37. Ke3 Bg6 38. Bf4 Be8 39. g3 Kd7 40. Rh6 Rg6 41. Rh4 Rg4 42. Rh7+ R4g7 1/2-1/2

[Event "GRE-chT 46th"]
[White "Strati, Betty Anna"]
[Black "Aivazian, Elpida Sofia"]
[Site "Rio Achaia"]
[Round "7.7"]
[Result "1-0"]
[Date "2018.07.15"]
[WhiteElo "1631"]
[BlackElo "1451"]
[PlyCount "149"]
[EventDate "2018.07.10"]
[EventType "team"]
[EventRounds "7"]
[EventCountry "GRE"]
[SourceTitle "CBM 185 Extra"]
[Source "ChessBase"]
[SourceDate "2018.07.29"]
[SourceVersion "1"]
[SourceVersionDate "2018.07.29"]
[SourceQuality "1"]
[WhiteTeam "Zone of Glyfada"]
[BlackTeam "Alexandropulis Mas National"]
[WhiteTeamCountry "GRE"]
[BlackTeamCountry "GRE"]

1. d4 Nf6 2. Bf4 g6 3. e3 Bg7 4. h3 d6 5. Nf3 0-0 6. Be2 c5 7. c3 b6 8. 0-0 Bb7 9. Nbd2 Nbd7 10. Rc1 Re8 11. Bh2 Ne4 12. Nxe4 Bxe4 13. Nd2 Bb7 14. Bf3 Qc7 15. e4 Rac8 16. d5 b5 17. Be2 c4 18. b3 cxb3 19. axb3 a6 20. c4 Qb6 21. Bg4 Rc7 22. Bxd7 Rxd7 23. e5 dxe5 24. c5 Qa5 25. c6 Bxc6 26. dxc6 Rxd2 27. Qe1 Bh6 28. Bxe5 b4 29. c7 Rc8 30. Qe4 Rd5 31. Rcd1 Rxe5 32. Rd8+ Kg7 33. Qxe5+ Qxe5 34. Rxc8 Qc5 35. g3 Bd2 36. Rd1 Bc3 37. Rg8+ Kxg8 38. Rd8+ Kg7 39. c8Q Qxc8 40. Rxc8 Kf6 41. Kf1 e5 42. Rc6+ Kg5 43. Rxa6 h5 44. Ke2 f5 45. h4+ Kh6 46. Rc6 Bb2 47. Rc4 Ba3 48. f3 Kg7 49. Kd3 Kf7 50. Rc6 Bb2 51. Rc4 Ba3 52. Rc7+ Kf6 53. Rc6+ Kf7 54. Kc4 f4 55. gxf4 exf4 56. Kd3 Bb2 57. Rc4 Bc3 58. Rxf4+ Ke6 59. Rc4 Kf5 60. Ke2 Ke5 61. Rc5+ Kf6 62. f4 Ke6 63. Rg5 Kf6 64. Rb5 Ke6 65. Kd3 Kf6 66. Ke2 Ke6 67. Rg5 Kf6 68. Rc5 Bb2 69. Rc2 Ba3 70. Kf3 Kf5 71. Rc6 Bb2 72. Rc5+ Kf6 73. Rc4 Ba3 74. Ke4 Bb2 75. Rxb4 1-0

[Event "GRE-chT 46th"]
[White "Aivazian, Elpida Sofia"]
[Black "Giannoulaki, Ermofili"]
[Site "Rio Achaia"]
[Round "6.7"]
[Result "1-0"]
[Date "2018.07.14"]
[WhiteElo "1451"]
[BlackElo "1286"]
[PlyCount "69"]
[EventDate "2018.07.10"]
[EventType "team"]
[EventRounds "7"]
[EventCountry "GRE"]
[SourceTitle "CBM 185 Extra"]
[Source "ChessBase"]
[SourceDate "2018.07.29"]
[SourceVersion "1"]
[SourceVersionDate "2018.07.29"]
[SourceQuality "1"]
[WhiteTeam "Alexandropulis Mas National"]
[BlackTeam "Nepolis"]
[WhiteTeamCountry "GRE"]
[BlackTeamCountry "GRE"]

1. e4 d6 2. d4 Nf6 3. Nf3 Nxe4 4. Bd3 Nf6 5. Bg5 Nbd7 6. Qd2 e5 7. 0-0 Be7 8. dxe5 Nxe5 9. Nxe5 dxe5 10. Re1 Qd6 11. Qe3 Ng4 12. Bxe7 Qxe7 13. Qe2 f6 14. h3 Nh6 15. f4 Nf7 16. Nd2 Qc5+ 17. Kh1 Qd4 18. fxe5 f5 19. Bc4 Qxb2 20. Bxf7+ Kxf7 21. Qc4+ Kg6 22. Rab1 Qa3 23. Rb3 Qe7 24. Rg3+ Kh6 25. e6 g5 26. Nf3 Rg8 27. Qd5 f4 28. Rg4 c6 29. Qe5 Qg7 30. Qd6 Qf6 31. h4 gxh4 32. Rxg8 b5 33. Qf8+ Qxf8 34. Rxf8 Kg7 35. e7 1-0

[Event "GRE-chT 46th"]
[White "Batzoli, Maria"]
[Black "Aivazian, Elpida Sofia"]
[Site "Rio Achaia"]
[Round "4.6"]
[Result "1/2-1/2"]
[Date "2018.07.12"]
[WhiteElo "1312"]
[BlackElo "1451"]
[PlyCount "94"]
[EventDate "2018.07.10"]
[EventType "team"]
[EventRounds "7"]
[EventCountry "GRE"]
[SourceTitle "CBM 185 Extra"]
[Source "ChessBase"]
[SourceDate "2018.07.29"]
[SourceVersion "1"]
[SourceVersionDate "2018.07.29"]
[SourceQuality "1"]
[WhiteTeam "Heraklion Attica"]
[BlackTeam "Alexandropulis Mas National"]
[WhiteTeamCountry "GRE"]
[BlackTeamCountry "GRE"]

1. d4 Nf6 2. Bf4 g6 3. e3 Bg7 4. Nc3 d6 5. h3 0-0 6. Nf3 Re8 7. Be2 Nbd7 8. 0-0 e5 9. dxe5 dxe5 10. Nxe5 Nh5 11. Bxh5 Nxe5 12. Bxe5 Bxe5 13. Qxd8 Rxd8 14. Bf3 Be6 15. Rfd1 Bxc3 16. bxc3 c6 17. a3 Kf8 18. Kf1 Ke7 19. Rab1 Rxd1+ 20. Rxd1 Rc8 21. Rd4 Kf6 22. Be2 c5 23. Rd2 h5 24. f4 Bf5 25. Bf3 b5 26. g4 hxg4 27. Bxg4 Bxg4 28. hxg4 Rc6 29. Rd1 a5 30. Ke2 b4 31. a4 Ke6 32. c4 Rb6 33. Rd3 Rc6 34. Kf3 f5 35. g5 Rc8 36. Rd2 Rh8 37. Kg2 Re8 38. Kf3 Rh8 39. Kg2 Re8 40. Rd5 Rc8 41. Kf3 Ke7 42. Rd1 Rd8 43. Rxd8 Kxd8 44. e4 Ke7 45. exf5 gxf5 46. Kg3 Kf7 47. Kh3 Kg7 1/2-1/2

[Event "GRE-chT 46th"]
[White "Vitzileou, Fedra"]
[Black "Aivazian, Elpida Sofia"]
[Site "Rio Achaia"]
[Round "2.13"]
[Result "0-1"]
[Date "2018.07.11"]
[WhiteElo "1226"]
[BlackElo "1451"]
[PlyCount "112"]
[EventDate "2018.07.10"]
[EventType "team"]
[EventRounds "7"]
[EventCountry "GRE"]
[SourceTitle "CBM 185 Extra"]
[Source "ChessBase"]
[SourceDate "2018.07.29"]
[SourceVersion "1"]
[SourceVersionDate "2018.07.29"]
[SourceQuality "1"]
[WhiteTeam "Asos Rodou Hippotis"]
[BlackTeam "Alexandropulis Mas National"]
[WhiteTeamCountry "GRE"]
[BlackTeamCountry "GRE"]

1. c4 Nf6 2. d4 g6 3. Nc3 Bg7 4. e4 d6 5. f3 c5 6. Nge2 0-0 7. Be3 cxd4 8. Nxd4 Nc6 9. Be2 Nxd4 10. Bxd4 e6 11. 0-0 d5 12. e5 Nh5 13. cxd5 exd5 14. f4 Qh4 15. Bxh5 gxh5 16. Qe1 Qxe1 17. Raxe1 Rd8 18. Re3 Bf5 19. h4 h6 20. Rg3 Kh7 21. Nd1 Rac8 22. Ne3 Bd3 23. Rf2 Be4 24. f5 Rg8 25. f6 Bf8 26. Rxg8 Kxg8 27. Nf5 Bxf5 28. Rxf5 Rc4 29. Bf2 d4 30. Rf4 Rc1+ 31. Kh2 Bc5 32. Bxd4 Rc4 33. Be3 Rxf4 34. Bxf4 Kh7 35. Kh3 Bd4 36. g4 Kg6 37. b3 hxg4+ 38. Kxg4 h5+ 39. Kf3 Kf5 40. Bg3 Bxe5 41. Bxe5 Kxe5 42. Ke3 Kxf6 43. Kf4 Kg6 44. Ke5 f5 45. Kf4 Kf6 46. a3 b5 47. a4 bxa4 48. bxa4 a5 49. Kf3 Ke5 50. Ke3 f4+ 51. Kf2 Ke4 52. Ke2 f3+ 53. Kf1 Kf4 54. Kf2 Kg4 55. Kf1 Kxh4 56. Kf2 Kg4 0-1

[Event "GRE-chT 45th"]
[White "Aivazian, Elpida Sofia"]
[Black "Grafakou, Sotiria Aphrodite"]
[Site "Achaia"]
[Round "7.9"]
[Result "1/2-1/2"]
[Date "2017.07.08"]
[WhiteElo "1415"]
[BlackElo "1720"]
[PlyCount "131"]
[EventDate "2017.07.03"]
[EventType "team-swiss"]
[EventRounds "7"]
[EventCountry "GRE"]
[SourceTitle "CBM 179 Extra"]
[Source "ChessBase"]
[SourceDate "2017.08.23"]
[SourceVersion "1"]
[SourceVersionDate "2017.08.23"]
[SourceQuality "1"]
[WhiteTeam "Alexandroupolis Ethnikos"]
[BlackTeam "Von Heraklion Attica"]
[WhiteTeamCountry "GRE"]
[BlackTeamCountry "GRE"]

1. e4 c5 2. Nf3 Nc6 3. Bb5 Nf6 4. Nc3 Qc7 5. 0-0 a6 6. Bxc6 dxc6 7. h3 e5 8. d3 Be6 9. Ng5 Bd7 10. f4 h6 11. Nf3 exf4 12. e5 Nd5 13. Nxd5 cxd5 14. Bxf4 Be6 15. c3 Be7 16. d4 g5 17. Be3 g4 18. hxg4 Bxg4 19. dxc5 Bxc5 20. Bxc5 Qxc5+ 21. Qd4 Qxd4+ 22. Nxd4 Ke7 23. Rf6 Be6 24. Raf1 Raf8 25. Nf5+ Bxf5 26. R1xf5 h5 27. Rb6 Rb8 28. Rff6 Rhg8 29. Rfd6 Rg5 30. Rxd5 Rf5 31. b3 Rf4 32. Rd4 Rf5 33. Re4 Kd7 34. c4 Rg5 35. Rf4 Ke7 36. Re4 Kd7 37. Rf6 Ke7 38. Ref4 Rg7 39. Rh6 Rg5 40. Rh7 Rf8 41. Re4 Ke6 42. Rh6+ Kd7 43. Rf6 Ke7 44. Rb6 Rb8 45. Kh2 Rf5 46. Re2 Rf4 47. c5 Rh4+ 48. Kg1 Rg4 49. c6 Rg6 50. c7 Rc8 51. Rxb7 Rc6 52. Rb4 R8xc7 53. Rh4 Rc2 54. Rxc2 Rxc2 55. a4 Rb2 56. Rxh5 Rxb3 57. Rh6 Re3 58. Rxa6 Rxe5 59. Kf2 Rc5 60. Ra7+ Ke6 61. g4 Rc2+ 62. Kg3 Rc4 63. a5 Ra4 64. a6 f5 65. g5 Kd6 66. Ra8 1/2-1/2

[Event "GRE-chT 45th"]
[White "Aivazian, Elpida Sofia"]
[Black "Pasoglou, Nikoleta"]
[Site "Achaia"]
[Round "6.5"]
[Result "0-1"]
[Date "2017.07.07"]
[WhiteElo "1415"]
[BlackElo "1241"]
[PlyCount "34"]
[EventDate "2017.07.03"]
[EventType "team-swiss"]
[EventRounds "7"]
[EventCountry "GRE"]
[SourceTitle "CBM 179 Extra"]
[Source "ChessBase"]
[SourceDate "2017.08.23"]
[SourceVersion "1"]
[SourceVersionDate "2017.08.23"]
[SourceQuality "1"]
[WhiteTeam "Alexandroupolis Ethnikos"]
[BlackTeam "Thessaloniki HS"]
[WhiteTeamCountry "GRE"]
[BlackTeamCountry "GRE"]

1. e4 c5 2. Nf3 Nc6 3. Bb5 g6 4. 0-0 Bg7 5. Re1 Nf6 6. c3 a6 7. Bf1 d5 8. e5 Ng8 9. d4 cxd4 10. cxd4 Bg4 11. h3 Bxf3 12. gxf3 e6 13. b3 Nge7 14. Ba3 0-0 15. Bxe7 Qxe7 16. Qd2 Qh4 17. Rd1 Nxd4 0-1

[Event "GRE-ch U16 Girls"]
[White "Louka, Magdalini"]
[Black "Aivazian, Elpida Sofia"]
[Site "Achaia"]
[Round "5"]
[Result "1-0"]
[Date "2017.06.29"]
[WhiteElo "1703"]
[BlackElo "1415"]
[PlyCount "79"]
[EventDate "2017.06.26"]
[EventType "swiss"]
[EventRounds "9"]
[EventCountry "GRE"]
[SourceTitle "CBM 179 Extra"]
[Source "ChessBase"]
[SourceDate "2017.08.23"]
[SourceVersion "1"]
[SourceVersionDate "2017.08.23"]
[SourceQuality "1"]

1. e4 e6 2. d4 d5 3. Nd2 Be7 4. Ngf3 Nf6 5. e5 Nfd7 6. Be2 c5 7. c3 Nc6 8. Nb3 c4 9. Nbd2 b5 10. 0-0 Bb7 11. Ne1 0-0 12. f4 f5 13. g4 Qe8 14. gxf5 exf5 15. Ndf3 Nd8 16. Kh1 Ne6 17. Ng5 Nxg5 18. fxg5 Nb6 19. Bf4 Rc8 20. Qd2 Na8 21. Rf3 g6 22. h4 Nc7 23. Ng2 Ne6 24. Rh3 Kg7 25. Be3 Qd8 26. Nf4 Qd7 27. Nxe6+ Qxe6 28. Bf4 a5 29. Kg2 Rh8 30. Rah1 Bd8 31. h5 Bc7 32. Bf3 Rce8 33. Kf1 Bb8 34. Qh2 Qc8 35. hxg6 hxg6 36. Rh7+ Rxh7 37. Qxh7+ Kf8 38. Qh8+ Ke7 39. Qf6+ Kd7 40. Rh7+ 1-0

[Event "GRE-chT U16 9th"]
[White "Aivazian, Elpida Sofia"]
[Black "Tsivelekidou, Evgenia"]
[Site "Thessaloniki"]
[Round "5.5"]
[Result "0-1"]
[Date "2016.12.17"]
[WhiteElo "1424"]
[BlackElo "1847"]
[PlyCount "42"]
[EventDate "2016.12.15"]
[EventType "team-swiss"]
[EventRounds "6"]
[EventCountry "GRE"]
[SourceTitle "CBM 176 Extra"]
[Source "ChessBase"]
[SourceDate "2017.03.02"]
[SourceVersion "1"]
[SourceVersionDate "2017.03.02"]
[SourceQuality "1"]
[WhiteTeam "Alexandroupolis Ethnikos"]
[BlackTeam "Kavalas"]
[WhiteTeamCountry "GRE"]
[BlackTeamCountry "GRE"]

1. e4 c6 2. d4 d5 3. Nc3 dxe4 4. Nxe4 Nf6 5. Ng3 h5 6. h4 Bg4 7. Be2 e6 8. Bg5 Bxe2 9. N1xe2 Be7 10. c3 Nbd7 11. Qb3 Qc7 12. Nf4 e5 13. dxe5 Qxe5+ 14. Nfe2 Nc5 15. Qc2 Rd8 16. Rd1 Rxd1+ 17. Qxd1 Ne6 18. Qc1 g6 19. Qe3 Qb8 20. Bxf6 Bxf6 21. Nf4 Qxf4 0-1

[Event "GRE-chT 44th"]
[White "Louka, Magdalini"]
[Black "Aivazian, Elpida Sofia"]
[Site "Achaia"]
[Round "1.2"]
[Result "1-0"]
[Date "2016.07.05"]
[WhiteElo "1654"]
[BlackElo "1444"]
[PlyCount "37"]
[EventDate "2016.07.05"]
[EventType "team-swiss"]
[EventRounds "7"]
[EventCountry "GRE"]
[SourceTitle "CBM 173 Extra"]
[Source "ChessBase"]
[SourceDate "2016.08.29"]
[SourceVersion "1"]
[SourceVersionDate "2016.08.29"]
[SourceQuality "1"]
[WhiteTeam "Nikaia Fysiolatris"]
[BlackTeam "Alexandroupolis Ethnikos"]
[WhiteTeamCountry "GRE"]
[BlackTeamCountry "GRE"]

1. e4 c5 2. Nf3 e6 3. d4 cxd4 4. Nxd4 Nc6 5. Bc4 a6 6. Nc3 Qc7 7. f4 d6 8. Nxc6 bxc6 9. Qe2 e5 10. fxe5 dxe5 11. Rf1 Nf6 12. Bg5 Be7 13. Qd3 Qb6 14. 0-0-0 Rb8 15. Na4 Qb4 16. Bxf6 Bxf6 17. Rxf6 0-0 18. Rxf7 Bg4 19. Rb7+ 1-0

[Event "EU School-ch U15 Girls"]
[White "Aivazian, Elpida Sofia"]
[Black "Mammadova, Susan Mutalib Q"]
[Site "Kallithea"]
[Round "1"]
[Result "0-1"]
[Date "2016.06.17"]
[WhiteElo "1444"]
[BlackElo "1768"]
[PlyCount "58"]
[EventDate "2016.06.17"]
[EventType "swiss"]
[EventRounds "9"]
[EventCountry "GRE"]
[SourceTitle "EXT 2017"]
[Source "ChessBase"]
[SourceDate "2016.10.25"]
[SourceVersion "1"]
[SourceVersionDate "2016.10.25"]
[SourceQuality "1"]

1. c4 Nf6 2. Nc3 g6 3. g3 Bg7 4. Bg2 0-0 5. e4 d6 6. Nge2 Nc6 7. d3 Nd7 8. 0-0 e5 9. f4 Nc5 10. a3 exf4 11. Bxf4 Ne6 12. Be3 Ned4 13. Nxd4 Nxd4 14. Ne2 Bg4 15. Bxd4 Bxd4+ 16. Kh1 Bxb2 17. Ra2 Bg7 18. Qc1 c6 19. h3 Bxe2 20. Rxe2 Qb6 21. Qc2 Qc5 22. a4 Qe5 23. Re3 Rae8 24. Rd1 Qd4 25. Rf3 Re5 26. Rb1 b6 27. Qb2 Qxb2 28. Rxb2 Rxe4 29. Rxb6 Re1+ 0-1